<?xml version="1.0" encoding="UTF-8"?>
<record
    xmlns:xsi="http://www.w3.org/2001/XMLSchema-instance"
    xsi:schemaLocation="http://www.loc.gov/MARC21/slim http://www.loc.gov/standards/marcxml/schema/MARC21slim.xsd"
    xmlns="http://www.loc.gov/MARC21/slim">

  <leader>02326nam a2200433 i 4500</leader>
  <controlfield tag="003">DO-SdBNP</controlfield>
  <controlfield tag="005">20250407100627.0</controlfield>
  <controlfield tag="007">ta</controlfield>
  <controlfield tag="008">210407b2019    dr ||||| |||| 00| 0 eng d</controlfield>
  <datafield tag="020" ind1=" " ind2=" ">
    <subfield code="a">9789945613155</subfield>
  </datafield>
  <datafield tag="040" ind1=" " ind2="4">
    <subfield code="a">DO-SdBNP</subfield>
    <subfield code="b">spa</subfield>
    <subfield code="c">BNPHU</subfield>
    <subfield code="e">rda</subfield>
  </datafield>
  <datafield tag="041" ind1=" " ind2=" ">
    <subfield code="a">spa</subfield>
  </datafield>
  <datafield tag="082" ind1=" " ind2="4">
    <subfield code="a">025.3414 </subfield>
    <subfield code="b">A673n 2019</subfield>
    <subfield code="2">22</subfield>
  </datafield>
  <datafield tag="245" ind1="0" ind2="0">
    <subfield code="a">Norma Dominicana de Descripci&#xF3;n Archiv&#xED;stica (NORDA) /</subfield>
    <subfield code="c">comisi&#xF3;n  t&#xE9;cnica  para elaboraci&#xF3;n de la NORDA ;  &#xC1;ngel Hern&#xE1;ndez, Marisol Mesa Le&#xF3;n Olga Pedierro, Jos&#xE9; Vilchez, Teodoro  Viola, Orqu&#xED;dea Correa, Althusser Jerez, Grismeldis P&#xE9;rez, Yanira Berroam Teany Villalona, Vielka Roa.</subfield>
  </datafield>
  <datafield tag="264" ind1=" " ind2="4">
    <subfield code="a">Santo Domingo :</subfield>
    <subfield code="b">Archivo General de la Naci&#xF3;n , </subfield>
    <subfield code="c">&#xA9;2019.</subfield>
  </datafield>
  <datafield tag="300" ind1=" " ind2=" ">
    <subfield code="a">203 p&#xE1;ginas  :</subfield>
    <subfield code="b">ilustraciones, cuadros ;</subfield>
    <subfield code="c">23 cm.</subfield>
  </datafield>
  <datafield tag="336" ind1=" " ind2=" ">
    <subfield code="a">texto</subfield>
    <subfield code="b">txt</subfield>
    <subfield code="2">rdacontent </subfield>
  </datafield>
  <datafield tag="337" ind1=" " ind2=" ">
    <subfield code="a">sin mediaci&#xF3;n</subfield>
    <subfield code="b">n</subfield>
    <subfield code="2">rdamedia</subfield>
  </datafield>
  <datafield tag="338" ind1=" " ind2=" ">
    <subfield code="a">volumen</subfield>
    <subfield code="b">nc</subfield>
    <subfield code="2">rdacarrier</subfield>
  </datafield>
  <datafield tag="490" ind1="0" ind2=" ">
    <subfield code="a">Archivo General de la Naci&#xF3;n ; </subfield>
    <subfield code="v">174</subfield>
  </datafield>
  <datafield tag="500" ind1=" " ind2=" ">
    <subfield code="a">Incluye referencias bibliogr&#xE1;ficas y notas al pie de las p&#xE1;ginas</subfield>
  </datafield>
  <datafield tag="504" ind1=" " ind2=" ">
    <subfield code="a">Bibliograf&#xED;a : p&#xE1;ginas 125-128</subfield>
  </datafield>
  <datafield tag="505" ind1=" " ind2=" ">
    <subfield code="a">1 - Pr&#xF3;logo --</subfield>
    <subfield code="t">2 - Introducci&#xF3;n --</subfield>
    <subfield code="t">3 - Objetivs de la Norma Dominicana de Descripci&#xF3;n Archiv&#xED;stica (NORDA) --</subfield>
    <subfield code="t">4 - &#xC1;mbito de aplicaci&#xF3;n -- </subfield>
    <subfield code="t">5 - Objetivos de la descripci&#xF3;n archiv&#xED;stica--</subfield>
    <subfield code="t">6 - Reglas de descripci&#xF3;n multinivel -- </subfield>
    <subfield code="t">7 - Definici&#xF3;n de niveles de descripci&#xF3;n -- </subfield>
    <subfield code="t">8 - &#xC1;reas y elementos de la descripci&#xF3;n -- </subfield>
    <subfield code="t">9 - Puntos de acceso --</subfield>
    <subfield code="t">10 - Formatos para instrumentos de descripci&#xF3;n -- </subfield>
    <subfield code="t">11 - Formato para referencia bibliogr&#xE1;fica y cita para documentos de archivo --</subfield>
    <subfield code="t">12 - Glosario --</subfield>
    <subfield code="t">13 - Bibliograf&#xED;a --</subfield>
    <subfield code="t">14 - Anexos.</subfield>
  </datafield>
  <datafield tag="590" ind1=" " ind2=" ">
    <subfield code="a">Inventariado, 2021 / SA
</subfield>
  </datafield>
  <datafield tag="650" ind1=" " ind2="4">
    <subfield code="a">Archivos</subfield>
    <subfield code="x">Procesamiento de datos</subfield>
    <subfield code="9">80562</subfield>
  </datafield>
  <datafield tag="650" ind1=" " ind2="4">
    <subfield code="a">Administraci&#xF3;n de archivos</subfield>
    <subfield code="z">Rep&#xFA;blica Dominicana</subfield>
    <subfield code="9">80563</subfield>
  </datafield>
  <datafield tag="700" ind1="1" ind2=" ">
    <subfield code="a">Hern&#xE1;ndez, &#xC1;ngel</subfield>
    <subfield code="9">11092</subfield>
  </datafield>
  <datafield tag="700" ind1="1" ind2=" ">
    <subfield code="a">Mesa Le&#xF3;n, Marisol</subfield>
    <subfield code="9">20101</subfield>
  </datafield>
  <datafield tag="700" ind1="1" ind2=" ">
    <subfield code="a">Pedierro, Jos&#xE9; Vilchez</subfield>
    <subfield code="9">80831</subfield>
  </datafield>
  <datafield tag="700" ind1="1" ind2=" ">
    <subfield code="a">Viola, Teodoro</subfield>
    <subfield code="9">80832</subfield>
  </datafield>
  <datafield tag="700" ind1="1" ind2=" ">
    <subfield code="a">Correa, Orqu&#xED;dea</subfield>
    <subfield code="9">80833</subfield>
  </datafield>
  <datafield tag="700" ind1="1" ind2=" ">
    <subfield code="a">Jerez, Althusser</subfield>
    <subfield code="9">80834</subfield>
  </datafield>
  <datafield tag="700" ind1=" " ind2=" ">
    <subfield code="a">P&#xE9;rez, Grismeldis</subfield>
    <subfield code="9">80835</subfield>
  </datafield>
  <datafield tag="700" ind1="1" ind2=" ">
    <subfield code="a">Berroa, Yanira</subfield>
    <subfield code="9">80836</subfield>
  </datafield>
  <datafield tag="700" ind1="1" ind2=" ">
    <subfield code="a">Roa, Vielka </subfield>
    <subfield code="9">80837</subfield>
  </datafield>
  <datafield tag="710" ind1="2" ind2=" ">
    <subfield code="a">Archivo General de la Naci&#xF3;n (Rep&#xFA;blica Dominicana)</subfield>
    <subfield code="9">85400</subfield>
  </datafield>
  <datafield tag="910" ind1=" " ind2=" ">
    <subfield code="a">Validado. Control de calidad MFF</subfield>
  </datafield>
  <datafield tag="942" ind1=" " ind2=" ">
    <subfield code="2">ddc</subfield>
    <subfield code="c">LBS1</subfield>
  </datafield>
  <datafield tag="952" ind1=" " ind2=" ">
    <subfield code="0">0</subfield>
    <subfield code="1">0</subfield>
    <subfield code="2">ddc</subfield>
    <subfield code="5">3</subfield>
    <subfield code="7">0</subfield>
    <subfield code="8">PD</subfield>
    <subfield code="a">BNPHU</subfield>
    <subfield code="b">BNPHU</subfield>
    <subfield code="c">HD</subfield>
    <subfield code="d">2021-04-07</subfield>
    <subfield code="e">Dep&#xF3;sito Legal </subfield>
    <subfield code="o">BNPHU PD 025.3414 R426c 2019</subfield>
    <subfield code="p">2021-1311</subfield>
    <subfield code="r">2021-04-07</subfield>
    <subfield code="w">2021-04-07</subfield>
    <subfield code="y">LBS1</subfield>
  </datafield>
  <datafield tag="952" ind1=" " ind2=" ">
    <subfield code="0">0</subfield>
    <subfield code="1">0</subfield>
    <subfield code="2">ddc</subfield>
    <subfield code="5">3</subfield>
    <subfield code="7">0</subfield>
    <subfield code="8">PD</subfield>
    <subfield code="a">BNPHU</subfield>
    <subfield code="b">BNPHU</subfield>
    <subfield code="c">HD</subfield>
    <subfield code="d">2021-04-07</subfield>
    <subfield code="e">Dep&#xF3;sito Legal </subfield>
    <subfield code="o">BNPHU PD 025.3414  R426c 2019</subfield>
    <subfield code="p">2021-1312</subfield>
    <subfield code="r">2021-04-07</subfield>
    <subfield code="t">e.2</subfield>
    <subfield code="w">2021-04-07</subfield>
    <subfield code="y">LBS1</subfield>
  </datafield>
  <datafield tag="952" ind1=" " ind2=" ">
    <subfield code="0">0</subfield>
    <subfield code="1">0</subfield>
    <subfield code="2">ddc</subfield>
    <subfield code="5">6</subfield>
    <subfield code="7">0</subfield>
    <subfield code="8">DS</subfield>
    <subfield code="a">BNPHU</subfield>
    <subfield code="b">BNPHU</subfield>
    <subfield code="c">HD</subfield>
    <subfield code="d">2021-04-07</subfield>
    <subfield code="e">Dep&#xF3;sito Legal </subfield>
    <subfield code="o">BNPHU DS 025.3414 R426c 2019</subfield>
    <subfield code="p">2021-1313</subfield>
    <subfield code="r">2021-04-07</subfield>
    <subfield code="t">e.3</subfield>
    <subfield code="w">2021-04-07</subfield>
    <subfield code="y">LBS1</subfield>
  </datafield>
  <datafield tag="952" ind1=" " ind2=" ">
    <subfield code="0">0</subfield>
    <subfield code="1">0</subfield>
    <subfield code="2">ddc</subfield>
    <subfield code="5">6</subfield>
    <subfield code="7">0</subfield>
    <subfield code="8">DS</subfield>
    <subfield code="a">BNPHU</subfield>
    <subfield code="b">BNPHU</subfield>
    <subfield code="c">HD</subfield>
    <subfield code="d">2022-05-18</subfield>
    <subfield code="e">Donaci&#xF3;n</subfield>
    <subfield code="l">0</subfield>
    <subfield code="o">BNPHU DS 025.3414  R426c  2019</subfield>
    <subfield code="p">2022-2203</subfield>
    <subfield code="r">2022-05-18</subfield>
    <subfield code="t">e.4</subfield>
    <subfield code="w">2022-05-18</subfield>
    <subfield code="y">LBS1</subfield>
  </datafield>
  <datafield tag="999" ind1=" " ind2=" ">
    <subfield code="c">49709</subfield>
    <subfield code="d">49709</subfield>
  </datafield>
</record>
